| 000 | 00909nam a2200289 4500 | ||
|---|---|---|---|
| 003 | OSt | ||
| 005 | 20260601171007.0 | ||
| 008 | 260420b19811989spaa||||\||||\00|\0\spa\d | ||
| 040 |
_aICI _bspa _cICI |
||
| 041 | 1 |
_aspa _heng |
|
| 050 |
_aF1219.3P9 _bT5818 |
||
| 100 | 1 |
_aTompkins, Peter, _932487 |
|
| 240 | 1 |
_aMysteries of the mexican pyramids. _lEspañol |
|
| 245 | 1 |
_aEl misterio de las piramides mexicanas / _cPeter Tompkins |
|
| 264 |
_bDiana, _c1985 _c1981 _aMéxico : |
||
| 300 | _a434 páginas | ||
| 336 |
_atexto _2rdacontent |
||
| 337 |
_asin medio _2rdamedia |
||
| 338 |
_avolumen _2rdacarrier |
||
| 500 | _aReimpresiones: (5a, 1989) | ||
| 650 |
_2Indios de México _xPirámides _932488 |
||
| 650 |
_aIndios de México _xAntigüedades |
||
| 650 |
_aOcultismo _zMéxico _932489 |
||
| 651 |
_aMéxico _xHistoria _yRevolución, 1910-1920 _94975 |
||
| 700 | 1 |
_aTompkins, Peter. _932487 |
|
| 942 |
_2lcc _cB |
||
| 999 |
_c20334 _d20334 |
||